| 000 | 00639nam a2200217Ii 4500 | ||
|---|---|---|---|
| 003 | JO-AjNU | ||
| 008 | 230606s9999||||xx |||||||||||||| ||und|| | ||
| 020 | _a978-1-84806-574-7 | ||
| 040 |
_aJO-AjNU _beng _erda _cJO-AjNU |
||
| 041 | _aeng | ||
| 050 | 1 | 4 | _aTA330 2014 |
| 100 | 3 |
_aChitty. Richard/ Chunli Cao, _eauthor _95031 |
|
| 245 | 0 | 0 | _acomputational fliud dynamics in building design: An introductory guide |
| 250 | _a1 ed | ||
| 264 | 3 | 1 | _aGarston: HIS BRE press. 2014 |
| 300 | _a25p | ||
| 336 |
_atext _btxt _2rdacontent |
||
| 337 |
_aunmediated _bn _2rdamedia |
||
| 338 |
_avolume _bnc _2rdacarrier |
||
| 650 | 4 |
_aDynamics _95032 |
|
| 999 |
_aE2602 _c2600 _d2600 |
||